000 00753nam a2200253Ia 4500
003 OSt
005 20220923222756.0
006 a|||||r|||| 00| 0
007 ta
008 220922b |||||||| |||| 00| 0 hin d
024 _a207,794
037 _cTextual
040 _aARTS
_cARTS
_bhin
041 _2hin
_ahin
082 _aO152,3NPA3,DM, M5
100 _aपाल, तारा
245 0 _aदूसरा मोड़
246 _aDūsarā moड़
260 _aदिल्ली
_b शारदा प्रका0
_c1985
300 _a120पृ.
_ccm.
650 _aहिन्दी साहित्य
_9156264
942 _hO152,3NPA3,DM, M5
_cTEXL
_2CC
999 _c358411
_d358411